Tập bản đồ hành chính Việt Nam

Enregistré dans:
Détails bibliographiques
Format: Livre
Langue:Undetermined
Publié: Hà Nội Bản Đồ 1997
Sujets:
Tags: Ajouter un tag
Pas de tags, Soyez le premier à ajouter un tag!
Thư viện lưu trữ: Trung tâm Học liệu Trường Đại học Cần Thơ
LEADER 00564nam a2200169Ia 4500
001 CTU_37839
008 210402s9999 xx 000 0 und d
020 |b 25.000đ 
082 |a 912.597 
082 |b T123 
245 0 |a Tập bản đồ hành chính Việt Nam 
260 |a Hà Nội 
260 |b Bản Đồ 
260 |c 1997 
650 |a administrative agencies - vietnam,vietnam - geogrphay 
904 |i Minh, Mai chuyển số PL từ 915.95 thành 912.597 chưa in nhãn 
980 |a Trung tâm Học liệu Trường Đại học Cần Thơ